000 00406nam a2200145Ia 4500
008 100122s9999 xx 000 0 und d
082 _b38164
_a823.08
100 _aपाटील पद्माकर
245 _aमहानगर
260 _bज्ञानेश प्रकाशन
_c1905
300 _a164
630 _aमहानगर
730 _aमहानगर
942 _cBOOK
999 _c420408
_d420405